Villes du pays basque français - Statistiques

Statistiques générales
  • Ce quiz a été pris 140 fois
  • Le résultat moyen est 10 sur 20
Statistiques - réponses
Hint Réponse % Correct
53K Habitants Bayonne
98%
26K Habitants Biarritz
97%
42K Habitants Anglet
90%
15K Habitants Saint Jean de Luz
88%
18K Habitants Hendaye
78%
8K Habitants Bidart
63%
11K Habitants Urrugne
56%
7K Habitants Cambo
55%
8K Habitants Ustarritz
46%
8K Habitants Hasparren
40%
5K Habitants Ciboure
37%
7K Habitants Saint-Pée-sur-Nivelle
34%
3K Habitants Arcangues
30%
4K Habitants Ascain
30%
5K Habitants Mouguerre
29%
10K Habitants Boucau
27%
5K Habitants Saint-Pierre-d’Irube
25%
3K Habitants Villefranque
25%
3K Habitants Bassussary
21%
3K Habitants Briscous
13%
Aucun quiz correspondant
Distribution des résultats
% des personnes avec chaque résultat
Percentile par nombre de réponses
Votre historique - résultats
Vous n’avez pas pris ce quiz